Top 10 Artilheiros da Champions League - Statistics

Estatísticas Gerais
  • Esse quiz foi jogado 180 vezes
  • A pontuação média é 6 de 10
Estatísticas das Respostas
Gols Jogadores % Correto
140 Cristiano Ronaldo
100%
129 Lionel Messi
100%
90 Karim Benzema
81%
105 Robert Lewandowski
79%
71 Raúl
68%
55 Kylian Mbappé
67%
57 Thomas Müller
51%
50 Thierry Henry
40%
49 Alfredo Di Stéfano
34%
56 Ruud van Nistelrooy
26%
Nenhum quiz correspondente encontrado
Distribuição das Pontuações
Porcentagem de Pessoas com Cada Pontuação
Percentil de Números Respondidos
Sua Pontuação Histórica
Você não jogou esse quiz